MARC details
| 000 -CABECERA |
| campo de control de longitud fija |
01268cam a2200289 a 4500 |
| 001 - NÚMERO DE CONTROL |
| campo de control |
000010569 |
| 005 - FECHA Y HORA DE LA ÚLTIMA TRANSACCIÓN |
| campo de control |
20200929162242.0 |
| 008 - DATOS DE LONGITUD FIJA--INFORMACIÓN GENERAL |
| campo de control de longitud fija |
950614s1994 sp a b 000 0 spa |
| 020 ## - NÚMERO INTERNACIONAL ESTÁNDAR DEL LIBRO |
| Número Internacional Estándar del Libro |
8475064078 |
| 040 ## - FUENTE DE LA CATALOGACIÓN |
| Centro catalogador/agencia de origen |
DO-SdBNP |
| Lengua de catalogación |
spa |
| Centro/agencia transcriptor |
LC |
| Centro/agencia modificador |
BNPHU |
| 041 17 - CÓDIGO DE LENGUA |
| Código de lengua del texto/banda sonora o título independiente |
spa |
| Fuente del código |
Código de idioma MARC |
| Código de lengua original |
latita |
| 082 ## - NÚMERO DE LA CLASIFICACIÓN DECIMAL DEWEY |
| Número de clasificación |
292 |
| Número de documento/Ítem |
V737ó |
| 049 ## - FONDOS LOCALES (OCLC) |
| Fondos de biblioteca |
BNGR |
| 100 1# - ENTRADA PRINCIPAL--NOMBRE DE PERSONA |
| Nombre de persona |
Villena, Enrique de Aragón, |
| Títulos y otros términos asociados al nombre |
Marqués de, |
| Fechas asociadas al nombre |
1384-1434. |
| 9 (RLIN) |
25639 |
| 245 10 - MENCIÓN DE TÍTULO |
| Título |
Obras completas, I / |
| Mención de responsabilidad, etc. |
Enrique de Villena ; edición y prólogo de Pedro M. Villena. |
| 260 ## - PUBLICACIÓN, DISTRIBUCIÓN, ETC. |
| Lugar de publicación, distribución, etc. |
Madrid : |
| Nombre del editor, distribuidor, etc. |
Turner, |
| Fecha de publicación, distribución, etc. |
1994. |
| 300 ## - DESCRIPCIÓN FÍSICA |
| Extensión |
575 p. : |
| Otras características físicas |
il. ; |
| Dimensiones |
23 cm. |
| 490 1# - MENCIÓN DE SERIE |
| Mención de serie |
Biblioteca Castro |
| Designación de volumen o secuencia |
1 |
| 504 ## - NOTA DE BIBLIOGRAFÍA, ETC. |
| Nota de bibliografía, etc. |
Incluye referencias bibliográficas. |
| 505 0# - NOTA DE CONTENIDO CON FORMATO |
| Nota de contenido con formato |
Los doce trabajos de Hércules -- Tratado de la lepra -- Arte cisoria -- Tratado de consolación -- Exposición del salmo "Quoniam videbo" -- Tratado de fascinación o de aojamiento -- Epístola a Suero de Quiñones -- Arte de Trovar -- Exposición del soneto de Petrarca -- Cartas -- Tratado de astrología. |
| 650 #4 - PUNTO DE ACCESO ADICIONAL DE MATERIA--TÉRMINO DE MATERIA |
| Término de materia o nombre geográfico como elemento de entrada |
Mitología griega |
| 9 (RLIN) |
25559 |
| 650 #4 - PUNTO DE ACCESO ADICIONAL DE MATERIA--TÉRMINO DE MATERIA |
| Término de materia o nombre geográfico como elemento de entrada |
Ensayos españoles |
| 9 (RLIN) |
3095 |
| 650 #4 - PUNTO DE ACCESO ADICIONAL DE MATERIA--TÉRMINO DE MATERIA |
| Término de materia o nombre geográfico como elemento de entrada |
Astrología |
| 9 (RLIN) |
25640 |
| 700 1# - PUNTO DE ACCESO ADICIONAL--NOMBRE DE PERSONA |
| Nombre de persona |
Villena, Pedro M., |
| Término indicativo de función/relación |
ed. |
| -- |
pról. |
| 9 (RLIN) |
25641 |
| 830 #0 - PUNTO DE ACCESO ADICIONAL DE SERIE-TÍTULO UNIFORME |
| Título uniforme |
Biblioteca Castro ; |
| Designación de volumen o secuencia |
v. 1 |
| 9 (RLIN) |
12631 |
| 910 ## - DATOS DE OPCIÓN DEL USUARIO (OCLC) |
| Datos de opción del usuario |
Catalogación por copia / LC |